000 00661nam a22002657a 4500
003 UA-OsUOA
001 23340
007 ta
008 20040119b un ||||| |||| 00| 0 ukr d
100 _aЛукашевич Н.П.
700 _aСолодков В.Т.
090 _a316.344.34
_bЛ84
942 _cBK
040 _aUA-OsUOA
_brus
_cUA-OsUOA
_dUA-OsUOA
245 _aСоциология образования
_bКонспект лекций
300 _a224 с.
955 _a0
041 _arus
080 _a316.344.34
020 _a5-86926-096-5
260 _aКиев
_bМАУП
_c1997
044 _aUA
650 7 _2UDC
999 _c309586
_d309586